[Event "VAVVAVVAVVAV"]
[Site "http://www.queenalice.com/game.php?id=1568066"]
[Date "2019.4.18"]
[Round "-"]
[White "edsonjob"]
[Black "jujubeesloco"]
[Result "1-0"]
[WhiteElo "1665"]
[BlackElo "1708"]

1. e4 c6 2. Nc3 d5 3. Qf3 e6 4. a3 Be7 5. g3 dxe4 6. Qxe4 Nf6 7. Qf3 O-O 8. Nge2
Bc5 9. b4 Bb6 10. Bg2 Nd5 11. O-O Nd7 12. Qe4 N7f6 13. Qh4 Re8 14. Ne4 Nxe4 15.
Bxe4 Qxh4 16. gxh4 Nf6 17. Bf3 a5 18. c3 e5 19. Bb2 Bg4 20. Kg2 e4 21. Bxg4 Nxg4
22. Nd4 Bxd4 23. cxd4 axb4 24. axb4 Rad8 25. h3 Nf6 26. Bc3 Nh5 27. Ra7 Rd7 28.
Re1 f5 29. Ra5 Rd5 30. Re3 Rxa5 31. bxa5 f4 32. Re1 Nf6 33. Bb4 Nd5 34. Bd6 Re6
35. Be5 f3+ 36. Kh2 Rg6 37. Rg1 Rxg1 38. Kxg1 Ne7 39. h5 Nd5 40. Kh2 Kf7 41. Kg3
g6 42. Kg4 b6 43. a6 b5 44. a7 Nb6 45. Bc7 Na8 46. Ba5 Kf6 47. hxg6 hxg6 48. Kf4
Ke6 49. Kxe4 Kd6 50. Bb4+ Kc7 51. Ke5 Kb7 52. Kd6 Nb6 53. d3 Na4 54. d5 cxd5 55.
Kxd5 Kxa7 56. Kc6 Ka6 57. d4 Nb2 58. Bd6 Nd3 59. Bg3 b4 60. d5 b3 61. d6 b2 62.
d7 b1=Q 63. d8=Q Qb5+ 64. Kc7 Qb6+ 65. Kd7 Nc5+ 66. Ke8 Qe6+ 67. Qe7 Qc6+ 68.
Kf7 Qb7 69. Qxb7+ Kxb7 70. Kxg6 Ne4 71. Kf5 1-0

[Event "ilililililililililili"]
[Site "http://www.queenalice.com/game.php?id=1568287"]
[Date "2019.4.19"]
[Round "-"]
[White "a_pawn"]
[Black "jujubeesloco"]
[Result "1-0"]
[WhiteElo "1816"]
[BlackElo "1697"]

1. d4 h6 2. e4 d5 3. Nc3 dxe4 4. Nxe4 Bf5 5. Nc5 Qd5 6. Be3 e6 7. Nf3 b6 8. Nb3
Bb4+ 9. Bd2 Nc6 10. Ba6 Nf6 11. Bb7 Rb8 12. Bxc6+ Qxc6 13. Bxb4 a5 14. Bc3 O-O
15. O-O a4 16. Nc1 Bg4 17. Qd3 Nd5 18. Ne5 Qb7 19. Nd7 Nf4 20. Qg3 Ne2+ 21. Nxe2
Bxe2 22. d5 f6 23. Nxf6+ Rxf6 24. Bxf6 g5 25. Bxg5 hxg5 26. Qxg5+ Kf7 27. dxe6+
Ke8 28. Qg8+ Ke7 29. Qf7+ Kd6 30. Rfd1+ Bxd1 31. Rxd1+ Kc5 32. Qf5+ Kc6 33. Qd5#
1-0

[Event "☖☗☖☗☖☗☖"]
[Site "http://www.queenalice.com/game.php?id=1568587"]
[Date "2019.4.22"]
[Round "-"]
[White "Useless"]
[Black "jujubeesloco"]
[Result "0-1"]
[WhiteElo "1576"]
[BlackElo "1703"]

1. e4 e5 2. Nf3 d6 3. Nc3 Nf6 4. Bc4 Be7 5. Ng5 O-O 6. Nxf7 Rxf7 7. Bxf7+ Kxf7
8. d4 b6 9. d5 Bb7 10. Bg5 c6 11. Bxf6 Bxf6 12. Qf3 Na6 13. O-O-O Nb4 14. Qf5 g6
15. Qe6+ Kg7 16. g3 Bc8 0-1

[Event "|||||||"]
[Site "http://www.queenalice.com/game.php?id=1569280"]
[Date "2019.4.29"]
[Round "-"]
[White "Rod_"]
[Black "jujubeesloco"]
[Result "1/2-1/2"]
[WhiteElo "1705"]
[BlackElo "1713"]

1. e4 e6 2. d4 c5 3. Nf3 Nf6 4. Nc3 d5 5. e5 Nfd7 6. Bb5 a6 7. Bxd7+ Bxd7 8. Bg5
Be7 9. Bh4 O-O 10. dxc5 Bxh4 11. g3 Be7 12. O-O Bxc5 13. Kg2 Nc6 14. Na4 Qa5 15.
b3 b5 16. Nxc5 Qc7 17. Re1 Nxe5 18. Nxe5 Bc8 19. b4 a5 20. bxa5 Qxc5 21. Nd3 Qc7
22. Nf4 Bb7 23. Qd2 Rxa5 24. a3 e5 25. Nxd5 Bxd5+ 26. Qxd5 b4 27. Qb3 Rb8 28. h3
bxa3 29. Qd3 Rd8 30. Qe3 Qxc2 31. Rxa3 Rxa3 32. Qxa3 f6 33. Qe7 Qc6+ 34. Kh2 Re8
35. Qb4 Ra8 36. Qb3+ Kh8 37. Qf7 Qc2 38. Kg1 h6 39. Qd5 Ra2 40. Qd8+ Kh7 41. Qb6
h5 42. Qe3 g5 43. Rc1 Qb2 44. Qd3+ Kh6 45. Qe3 Ra1 46. Rxa1 Qxa1+ 47. Kh2 Qf1
48. Qf3 Kg6 49. Qe4+ Kg7 50. Qb7+ Kg6 51. Qe4+ Kg7 52. Qf5 Qe2 53. Kg2 e4 54.
Qd7+ Kg6 55. Qd4 Qf3+ 56. Kf1 h4 57. Qe3 f5 58. Qb6+ Kf7 59. Qc7+ Ke6 60. Qc8+
Ke5 61. Qe8+ Kf6 62. Qh8+ Kg6 63. Qg8+ Kf6 64. Qh8+ Kg6 65. Qg8+ Kh6 66. Qe6+
Kg7 67. Qe7+ Kg6 68. Qe6+ Kh5 69. Qf7+ Kh6 70. Qf6+ Kh7 71. Qf7+ Kh8 72. Qf6+
Kh7 73. Qf7+ Kh6 74. Qf6+ Kh7 1/2-1/2

[Event "<><><><>"]
[Site "http://www.queenalice.com/game.php?id=1570174"]
[Date "2019.5.8"]
[Round "-"]
[White "ztnilz"]
[Black "jujubeesloco"]
[Result "1-0"]
[WhiteElo "1885"]
[BlackElo "1732"]

1. e4 d5 2. exd5 Qxd5 3. Nc3 Qe6+ 4. Be2 Bd7 5. d4 Qg6 6. Nf3 Qxg2 7. Rg1 Qh3 8.
Bf4 Nf6 9. Bxc7 e6 10. Qd2 Be7 11. O-O-O O-O 12. Bd3 Qxf3 13. Rg3 Qc6 14. Qg5 g6
15. Be5 Nh5 16. Qh6 f6 17. Bxb8 Raxb8 18. Rxg6+ hxg6 19. Qxg6+ Ng7 20. Qh7+ Kf7
21. Bg6# 1-0

[Event "|\|\|\|"]
[Site "http://www.queenalice.com/game.php?id=1571004"]
[Date "2019.5.14"]
[Round "-"]
[White "jujubeesloco"]
[Black "Rider"]
[Result "1-0"]
[WhiteElo "1706"]
[BlackElo "1673"]

1. b3 c5 2. d4 b6 3. e4 cxd4 4. Bb2 e5 5. c3 dxc3 6. Bxc3 Nc6 7. Nf3 d6 8. Be2
a6 9. O-O Be6 10. Bd2 Nf6 11. Qc2 Bd7 12. Ng5 Nd4 13. Qd1 h6 14. Nf3 Nxe4 15.
Nxd4 exd4 16. Bf3 f5 17. Bxe4 fxe4 18. Re1 d5 19. Qh5+ Ke7 20. Qxd5 Kf6 21.
Qxd4+ Kf7 22. Rxe4 Kg6 23. Nc3 Bf5 24. Nd5 Bc5 25. Rg4+ Bxg4 26. Qxg4+ Qg5 27.
Bxg5 hxg5 28. Nf4+ Kf7 29. Qe6+ Kf8 30. Ng6# 1-0

[Event "IiIiIiIiI"]
[Site "http://www.queenalice.com/game.php?id=1571339"]
[Date "2019.5.18"]
[Round "-"]
[White "jujubeesloco"]
[Black "Lintz"]
[Result "0-1"]
[WhiteElo "1741"]
[BlackElo "1922"]

1. c4 c5 2. e3 Nc6 3. d4 e6 4. Be2 Nf6 5. Nf3 cxd4 6. Nxd4 d5 7. O-O Nxd4 8.
exd4 Be7 9. Nc3 O-O 10. Qc2 b6 11. Bd1 Bb7 12. Re1 dxc4 13. Re3 Qxd4 14. Rh3 Qe5
15. Bd2 Bc5 16. Ne2 h6 17. Bc3 Qe4 18. Bxf6 Qxg2# 0-1

[Event "I0I0I0I"]
[Site "http://www.queenalice.com/game.php?id=1573195"]
[Date "2019.6.3"]
[Round "-"]
[White "paolop69"]
[Black "jujubeesloco"]
[Result "0-1"]
[WhiteElo "1514"]
[BlackElo "1697"]

1. e4 d6 2. Bc4 e5 3. Qf3 Nf6 4. h3 Be7 5. d3 O-O 6. Bg5 Nc6 7. c3 Bd7 8. Nd2 a6
9. Ne2 Na5 10. Bd5 Nxd5 11. Bxe7 Nxe7 12. b4 Nac6 13. a3 f5 14. Ng3 b5 15. Qe3
f4 16. Qf3 fxg3 17. Qxg3 Ng6 18. h4 Rf4 19. Qg5 Rg4 20. Qxd8+ Rxd8 21. g3 Nce7
22. Nf3 d5 23. h5 Nf8 24. Nxe5 dxe4 25. Nxg4 Bxg4 26. Rh4 Bf3 27. dxe4 Nc6 28.
h6 gxh6 29. Rxh6 Ng6 30. Rc1 Nce5 31. Kf1 Rd2 0-1

[Event "Thanks for the games!"]
[Site "http://www.queenalice.com/game.php?id=1573196"]
[Date "2019.6.3"]
[Round "-"]
[White "jujubeesloco"]
[Black "Useless"]
[Result "1-0"]
[WhiteElo "1686"]
[BlackElo "1569"]

1. b4 d5 2. Bb2 e5 3. Bxe5 Nc6 4. Bb2 Bxb4 5. Bxg7 Qg5 6. Bxh8 Bf5 7. Nc3 Nd4 8.
Bxd4 Qg6 9. Rc1 c5 10. Nxd5 O-O-O 11. Nf4 Qd6 12. Be3 Nf6 13. Nf3 Ne4 14. g3 c4
15. Bg2 c3 16. d3 Qa6 17. O-O Qxa2 18. Ra1 1-0

[Event "|.|.|.|.|"]
[Site "http://www.queenalice.com/game.php?id=1574315"]
[Date "2019.6.13"]
[Round "-"]
[White "jujubeesloco"]
[Black "charles31"]
[Result "1-0"]
[WhiteElo "1713"]
[BlackElo "1759"]

1. d3 d5 2. b3 e5 3. Bb2 Nc6 4. Nf3 d4 5. Na3 Nh6 6. Nc4 f6 7. a3 Be6 8. Ncd2 a6
9. e3 dxe3 10. fxe3 Bc5 11. Qe2 Nf5 12. e4 Nfd4 13. Nxd4 Nxd4 14. Bxd4 Bxd4 15.
O-O-O c5 16. Qh5+ g6 17. Qh6 Qe7 18. Nf3 Rd8 19. h3 b5 20. g4 c4 21. b4 c3 22.
g5 Ba2 23. gxf6 Qxf6 24. Nxd4 exd4 25. Re1 Rd7 26. e5 Qf2 27. Re2 Qf8 28. Qg5 a5
29. Bg2 Qf5 30. Qxf5 gxf5 31. Bc6 Ke7 32. Bxd7 Kxd7 33. Rhe1 a4 34. e6+ Ke7 35.
Re5 Ra8 36. Rxf5 Rf8 37. Rxf8 Kxf8 38. e7+ Ke8 39. Re5 h6 40. Kd1 Bf7 41. Ke1
Kd7 42. Kf2 Be8 43. Kf3 Kd6 44. Re4 Kd5 45. Kf4 h5 46. h4 1-0

[Event "||||||"]
[Site "http://www.queenalice.com/game.php?id=1574316"]
[Date "2019.6.13"]
[Round "-"]
[White "jujubeesloco"]
[Black "Lintz"]
[Result "0-1"]
[WhiteElo "1721"]
[BlackElo "1926"]

1. e4 e5 2. c4 Nc6 3. Nf3 Nf6 4. d3 d6 5. Be2 Be7 6. Qb3 O-O 7. O-O Nd4 8. Nxd4
exd4 9. Nd2 b6 10. Nf3 c5 11. a4 a5 12. Qc2 Bb7 13. b3 Nd7 14. Qd2 Ne5 15. Qf4
Ng6 16. Qg3 f5 17. exf5 Rxf5 18. Qh3 Bc8 19. g4 Nf4 20. Qxh7+ Kxh7 21. gxf5
Nxe2+ 22. Kh1 Bxf5 23. Re1 Nxc1 24. Raxc1 Bxd3 25. Rg1 Be2 26. Nd2 Bg5 27. Ne4
Bf3+ 28. Rg2 Bxc1 29. Ng5+ Qxg5 30. Kg1 Qxg2# 0-1

[Event "!l!l!l!l!l"]
[Site "http://www.queenalice.com/game.php?id=1574440"]
[Date "2019.6.15"]
[Round "-"]
[White "ztnilz"]
[Black "jujubeesloco"]
[Result "1-0"]
[WhiteElo "1869"]
[BlackElo "1734"]

1. e4 e5 2. Nf3 d6 3. Bc4 Nf6 4. Ng5 d5 5. exd5 Nxd5 6. Nxf7 Kxf7 7. Qf3+ Ke7 8.
Bxd5 Be6 9. Bxb7 Nd7 10. Bxa8 h6 11. Bd5 g5 12. Bxe6 Kxe6 13. d3 Bc5 14. Be3 Qb8
15. b3 Rf8 16. Qh3+ Ke7 17. Qxh6 Qb6 18. Qxg5+ Rf6 19. O-O Kd8 20. Nc3 Qc6 21.
Ne4 Bxe3 22. fxe3 Ke7 23. Nxf6 Kd6 24. Nxd7 Qxd7 25. Rf6+ Kd5 26. c4+ Kc5 27.
Qxe5+ Kb4 28. a3+ Kxb3 29. Rb1+ Kc2 30. Qb2+ Kxd3 31. Rd1+ 1-0

[Event "▏▕▐▏▕"]
[Site "http://www.queenalice.com/game.php?id=1575237"]
[Date "2019.6.22"]
[Round "-"]
[White "Derik_vd_Heever"]
[Black "jujubeesloco"]
[Result "0-1"]
[WhiteElo "1430"]
[BlackElo "1731"]

1. e4 e5 2. Nf3 d5 3. Nc3 dxe4 4. Nxe4 Bd6 5. Bd3 Nf6 6. Qe2 O-O 7. Neg5 g6 8.
O-O e4 9. Bxe4 Re8 10. d3 Bd7 11. Be3 Nc6 12. Bxc6 Bxc6 13. Nd4 Qd7 14. Ndf3 b6
15. a4 Bb7 16. a5 c5 17. d4 Bxf3 18. Qxf3 Nd5 19. Qxd5 Bxh2+ 20. Kxh2 Qxd5 21.
Nf3 cxd4 22. Rad1 Qh5+ 23. Kg1 dxe3 24. Rde1 e2 25. Nd4 exf1=Q+ 26. Rxf1 Re4 27.
Nc6 Rh4 28. f3 Qc5+ 29. Nd4 Qxd4+ 30. Rf2 Rh1+ 31. Kxh1 Qxf2 0-1

[Event "TUTUTUTUTUT"]
[Site "http://www.queenalice.com/game.php?id=1577355"]
[Date "2019.7.15"]
[Round "-"]
[White "a_pawn"]
[Black "jujubeesloco"]
[Result "1-0"]
[WhiteElo "1862"]
[BlackElo "1735"]

1. d4 e6 2. Nf3 d5 3. g3 c5 4. Bg2 Be7 5. O-O Nf6 6. b3 O-O 7. Bb2 Nc6 8. Re1 b5
9. c3 a5 10. a3 Bb7 11. Nbd2 Ng4 12. e4 dxe4 13. Nxe4 Qd5 14. Ne5 Qd8 15. Nxg4
f5 16. Nxc5 Bxc5 17. Ne5 Nxe5 18. Bxb7 Ng4 19. Bxa8 Qxa8 20. dxc5 Rf6 21. c4 Rh6
22. h4 Qa7 23. Qd4 e5 24. Qd5+ Kf8 25. Bxe5 Nxe5 26. Qxe5 Qf7 27. Rad1 g5 28.
Qh8+ Qg8 29. Rd8+ Kf7 30. Qxg8+ Kf6 31. Re6# 1-0

[Event "V^V^V^V"]
[Site "http://www.queenalice.com/game.php?id=1579873"]
[Date "2019.8.9"]
[Round "-"]
[White "jujubeesloco"]
[Black "Useless"]
[Result "1-0"]
[WhiteElo "1724"]
[BlackElo "1575"]

1. b4 d5 2. Bb2 Nf6 3. Bxf6 gxf6 4. Nf3 e5 5. e3 Bxb4 6. Bd3 e4 7. Bxe4 dxe4 8.
Nd4 c5 9. c3 cxd4 10. cxb4 d3 11. b5 h5 12. Qa4 Bd7 13. Nc3 f5 14. O-O Rg8 15.
Rac1 f4 16. Qxe4+ Kf8 17. Qxf4 Bh3 18. g3 Bxf1 19. Kxf1 Rg5 20. a4 h4 21. Ne4
Rg6 22. Rc7 Nd7 23. Rxb7 h3 24. Ng5 Rxg5 25. Qd6+ Ke8 26. a5 Nc5 27. Qc6+ Nd7
28. f4 Rc5 29. Qe4+ Kf8 30. Qh7 Rd5 31. e4 Rc5 32. f5 Qg5 33. Rxd7 Rc1+ 34. Kf2
Rf1+ 35. Kxf1 Qg8 36. Qh6+ Ke8 37. Qc6 1-0

[Event "W^W^W^W"]
[Site "http://www.queenalice.com/game.php?id=1580347"]
[Date "2019.8.15"]
[Round "-"]
[White "jujubeesloco"]
[Black "paolop69"]
[Result "1-0"]
[WhiteElo "1675"]
[BlackElo "1650"]

1. d4 e6 2. e4 c6 3. Nc3 Bb4 4. Bd2 h6 5. Qg4 g5 6. Nf3 f6 7. Qh5+ Kf8 8. a3
Bxc3 9. Bxc3 Qe8 10. Bb4+ Ne7 11. Qxe8+ Kxe8 12. Bd3 b6 13. O-O a5 14. Bd2 Ba6
15. Bxa6 Nxa6 16. c3 d5 17. Rfe1 Kf7 18. a4 Nb8 19. Re2 Nd7 20. b3 Ng6 21. Rae1
Nf4 22. Bxf4 gxf4 23. exd5 cxd5 24. Rxe6 Rae8 25. Rxe8 Rxe8 26. Rxe8 Kxe8 27.
Nh4 Kf7 28. g3 fxg3 29. hxg3 h5 30. f4 Nf8 31. Kf2 Ng6 32. Nf5 h4 33. Nxh4 Ne7
34. g4 Ng8 35. Nf5 Ke6 36. Kg3 Ne7 37. Nxe7 Kxe7 38. Kh4 Kf7 39. Kh5 Kg7 40. f5
Kh7 41. g5 fxg5 42. Kxg5 Kg7 43. c4 1-0

[Event "<^><^><^>"]
[Site "http://www.queenalice.com/game.php?id=1580361"]
[Date "2019.8.15"]
[Round "-"]
[White "Rider"]
[Black "jujubeesloco"]
[Result "1-0"]
[WhiteElo "1652"]
[BlackElo "1666"]

1. e4 Nc6 2. d4 e6 3. e5 Be7 4. c3 f6 5. f4 d6 6. Bb5 Bd7 7. Nf3 dxe5 8. fxe5
fxe5 9. Nxe5 Nf6 10. Nxd7 Qxd7 11. a4 Qd5 12. Qe2 O-O-O 13. O-O a6 14. Bc4 Nxd4
15. cxd4 Qxd4+ 16. Kh1 Rd6 17. Bxe6+ Kb8 18. Nc3 Rhd8 19. h3 h6 20. Rd1 Qc5 21.
Bc4 Rd4 22. Rxd4 Rxd4 23. Be3 Qxc4 24. Bxd4 Qxd4 25. Qxe7 Nh5 26. Qe8+ Ka7 27.
Qxh5 c5 28. Rd1 Qb4 29. Rd2 1-0

[Event "#####"]
[Site "http://www.queenalice.com/game.php?id=1580654"]
[Date "2019.8.18"]
[Round "-"]
[White "Lintz"]
[Black "jujubeesloco"]
[Result "1-0"]
[WhiteElo "1758"]
[BlackElo "1690"]

1. e4 e5 2. Nf3 d6 3. Bc4 Be7 4. d4 Nf6 5. c3 O-O 6. Qc2 Bg4 7. Nbd2 exd4 8.
cxd4 d5 9. exd5 Nxd5 10. Ne5 Bh5 11. Ndf3 Bxf3 12. Nxf3 Re8 13. O-O c6 14. Ne5
Nd7 15. Re1 N7f6 16. Be3 Bd6 17. Bxd5 Nxd5 18. Qf5 Qc7 19. f4 Ne7 20. Qxf7+ Kh8
21. Qb3 Rab8 22. Nf7+ Kg8 23. Nxd6+ Kh8 24. Nxe8 Rxe8 25. Rac1 Nd5 26. Qxd5 1-0

[Event ">>|||<<"]
[Site "http://www.queenalice.com/game.php?id=1582091"]
[Date "2019.9.1"]
[Round "-"]
[White "charles31"]
[Black "jujubeesloco"]
[Result "1-0"]
[WhiteElo "1726"]
[BlackElo "1690"]

1. e4 e5 2. d4 exd4 3. Qxd4 Nc6 4. Qd1 d6 5. Nc3 Be6 6. Nf3 f6 7. Bd3 g5 8. h3
Qd7 9. Be3 O-O-O 10. Bb5 Nge7 11. Nd4 h5 12. Nxc6 Nxc6 13. Bxc6 Qxc6 14. Bxa7 b6
15. Qd4 Bg7 16. O-O-O Rd7 17. Nd5 f5 18. Qb4 fxe4 19. Bxb6 Bxd5 20. Ba7 Kd8 21.
f3 exf3 22. Rhe1 Be4 23. Rxe4 d5 24. Qb8# 1-0

[Event "|.|:|:|.|"]
[Site "http://www.queenalice.com/game.php?id=1582792"]
[Date "2019.9.8"]
[Round "-"]
[White "jujubeesloco"]
[Black "Derik_vd_Heever"]
[Result "1-0"]
[WhiteElo "1626"]
[BlackElo "1469"]

1. b4 Nf6 2. Bb2 Nc6 3. b5 Na5 4. e3 g6 5. Be2 Bg7 6. Nf3 O-O 7. O-O d5 8. c4
dxc4 9. Bc3 Ne4 10. Bxg7 Kxg7 11. Nc3 Bf5 12. Nh4 Be6 13. Nxe4 Qd5 14. Nc3 Qg5
15. Nf3 Qf6 16. Ne4 Qf5 17. Ng3 Qd5 18. Qa4 b6 19. d4 a6 20. Rfc1 Bd7 21. Bxc4
Qd6 22. Rc2 axb5 23. Bxb5 Rad8 24. Rac1 c6 25. Be2 Ra8 26. Ne4 Bf5 27. Nxd6 exd6
28. Qb4 Bxc2 29. Rxc2 b5 30. Qxd6 Rad8 31. Qb4 Ra8 32. Qc3 Rfb8 33. d5+ Kg8 34.
dxc6 Rc8 35. Bxb5 Rcb8 36. Nd4 Rc8 37. a4 h6 38. c7 Ra7 39. Qb4 Rcxc7 40. Nc6
Nxc6 41. Bxc6 Ra6 42. Qb8+ 1-0

[Event "XXXXXXX"]
[Site "http://www.queenalice.com/game.php?id=1583556"]
[Date "2019.9.16"]
[Round "-"]
[White "a_pawn"]
[Black "jujubeesloco"]
[Result "1-0"]
[WhiteElo "1813"]
[BlackElo "1677"]

1. d4 d5 2. Nc3 e5 3. dxe5 Nc6 4. Qxd5 Be6 5. Qb5 Rb8 6. Be3 a6 7. Qd3 Nb4 8.
Qd2 f6 9. a3 Nd5 10. Nf3 Nge7 11. exf6 Nxf6 12. Nd4 Bd7 13. O-O-O Ned5 14. f3 c5
15. Nb3 Rc8 16. Bg5 Be7 17. Nxd5 O-O 18. e4 Nxd5 19. Qxd5+ Kh8 20. Bxe7 Qxe7 21.
Qxb7 Rfd8 22. Bxa6 c4 23. Na5 Qg5+ 24. Kb1 Qf6 25. Rxd7 Rb8 26. Rxd8+ Rxd8 27.
Bxc4 h6 28. Qf7 Qxf7 29. Bxf7 1-0

[Event "000000"]
[Site "http://www.queenalice.com/game.php?id=1585925"]
[Date "2019.10.7"]
[Round "-"]
[White "edsonjob"]
[Black "jujubeesloco"]
[Result "1-0"]
[WhiteElo "1538"]
[BlackElo "1646"]

1. e4 d6 2. Nc3 e5 3. h3 Nf6 4. Bc4 Be7 5. Nf3 O-O 6. O-O a6 7. d3 Nc6 8. Nd5
Be6 9. a3 b5 10. Bb3 Bxd5 11. exd5 Nb8 12. Be3 c5 13. c4 Nbd7 14. a4 b4 15. a5
Nh5 16. g4 Nhf6 17. Nh4 Ne8 18. Nf5 f6 19. h4 Rf7 20. f4 Kh8 21. g5 fxg5 22.
fxg5 g6 23. Nh6 Rf8 24. h5 Bxg5 25. Nf7+ Rxf7 26. Rxf7 Bxe3+ 27. Kf1 Qh4 28. Qf3
Ndf6 29. Qg2 Ng7 30. hxg6 Rg8 31. Ke2 Ng4 32. Rh1 Bg5 33. Rxh4 Ne3 34. Rxh7# 1-0

[Event "lAlAlAl"]
[Site "http://www.queenalice.com/game.php?id=1585930"]
[Date "2019.10.7"]
[Round "-"]
[White "jujubeesloco"]
[Black "Useless"]
[Result "1-0"]
[WhiteElo "1649"]
[BlackElo "1535"]

1. e4 e5 2. d4 Qh4 3. Nf3 Qxe4+ 4. Be2 exd4 5. O-O d5 6. Nxd4 c6 7. Nc3 Qg6 8.
Re1 Be7 9. Bh5 Qd6 10. Nf5 Bxf5 11. Qf3 g6 12. Bg4 Nd7 13. Bf4 Qf6 14. Re2 Bxg4
15. Qxg4 Qf5 16. Qxf5 gxf5 17. Rae1 Kf8 18. Nd1 Ngf6 19. Rxe7 Kg7 20. Ne3 h5 21.
Nxf5+ Kg6 22. Nh4+ Kh7 23. Rxf7+ Kg8 24. Ree7 Rd8 25. Rg7+ Kf8 26. Ng6# 1-0